Normal view
MARC view
- رياض الأطفال-مدارس الحضانة
Entry Topical Term
001 - CONTROL NUMBER
- control field: 42018
003 - CONTROL NUMBER IDENTIFIER
- control field: JO-AjAnu
005 - DATE AND TIME OF LATEST TRANSACTION
- control field: 20230606080956.0
008 - FIXED-LENGTH DATA ELEMENTS
- fixed length control field: 230606|| aca||aabn | a|a d
040 ## - CATALOGING SOURCE
- Original cataloging agency: JO-AjAnu
- Transcribing agency: JO-AjAnu
150 ## - HEADING--TOPICAL TERM
- Topical term or geographic name entry element: رياض الأطفال-مدارس الحضانة
670 ## - SOURCE DATA FOUND
- Source citation: Work cat.: (JO-AjAnu)21528: الناشف، هدى محمود , author 42017, برامج رياض الأطفال